000 00865nam 22002533 4500
001 200285
010 _a972-8385-34-X
021 _aPT
_bB-40677-97
090 _a200285
100 _a20260130d u||y0pory50 ba
200 _aPrograma de formação
_fDireção A. Joel Matos
_gcoordenação João Piroto
_ematernidade e puericultura
210 _aLisboa
_cOceano-Liarte
_dD.L.1997
215 _a2 v.
_cil. ; encadernado
_d29 cm
300 _a. - falta o volume 1
327 _a2º v.: Puericultura / tradução Paulo Pitta. 167 p . - 3º v.: Pediatria / tradução Ana Viseu...[et.al.]. 167 p.
606 _9927
_aMedicina
610 _aHigiene em geral
610 _aSaúde e higiene pessoal
675 _a613(03)
_vPT
_zpor
702 _93924
_aMatos
_bA. Joel
702 _916105
_aPiroto
_bJoão
801 _aPT
_bBMMN
_gRPC
830 _cAna
_fAna
990 _cLIVROS